Statistics for Countries that Visit Indonesia the Most

Click here to take the quiz!

General Stats

  • This quiz has been taken 36 times
  • The average score is 8 of 10

Answer Stats

# VisitorsCountry% Correct
1,386,803Australia
100%
2,072,079China
94%
519,623Japan
91%
457,832United States
91%
2,980,753Malaysia
85%
1,934,445Singapore
85%
657,300India
73%
397,624United Kingdom
73%
388,316South Korea
70%
1,178,381East Timor
30%

Score Distribution

Percentile by Number Answered

Percent of People with Each Score

Your Score History

You have not taken this quiz